000
00260nam a2200097Ia 4500
001
1252110
005
20251031150928.0
008
251031s9999 xx 000 0 und d
245
0
_c
MEVSİM EREN
_a
Ü-1 BOYAMA KOLEKSİYONU SPIDER -GWEN
260
_b
BETA YAYINLARI
999
_c
1252110
_d
1252110